| 000 | 01135nam a2200265 a 4500 | ||
|---|---|---|---|
| 001 | 001051935 | ||
| 003 | AM-YeHGA | ||
| 005 | 20250618074756.0 | ||
| 008 | 111021s2014 ai r 000 0 arm d | ||
| 020 | _a9785808418707 | ||
| 040 | _aAM-YeHGA | ||
| 041 | 0 | _aarm | |
| 245 | 0 | 0 |
_aԱռաջադրանքներ և իրավիճակային խնդիրներ ֆիզիոլոգիայից : _bՈւսումնական ձեռնարկ / _cԾ.Ի. Ադամյան, Է.Ս. Գևորգյան, Ն.Յ. Ադամյան, Ս.Գ. Սահակյան; ԵՊՀ. |
| 260 |
_aԵրևան : _bԵՊՀ հրատ., _c2014. |
||
| 300 |
_a176 էջ : _bնկ. ; _c21 սմ. |
||
| 504 | _aՄատենագիտ.՝ էջ 171 | ||
| 650 | 1 | 4 |
_aՖիզիոլոգիա _xԱռաջադրանքներ և խնդիրներ _vՈւսումնական ձեռնարկ |
| 700 | 1 |
_aԱդամյան, Ծովինար Իշխանի, _d1939- _91372 |
|
| 700 | 1 |
_aԳևորգյան, Էմմա Սերգեյի _d |
|
| 700 | 1 | _aԱդամյան, Նոնա Յուրիկի | |
| 700 | 1 | _aՍահակյան, Ս.Գ | |
| 710 | 2 | _aԵրևանի պետական համալսարան | |
| 942 |
_2udc _cBK |
||
| 090 | _c397762 | ||
| 999 |
_c395712 _d395712 |
||